| 000 | 00838nam a2200265Ia 4500 | ||
|---|---|---|---|
| 003 | OSt | ||
| 005 | 20220928124325.0 | ||
| 006 | a|||||r|||| 00| 0 | ||
| 007 | ta | ||
| 008 | 220927b |||||||| |||| 00| 0 eng d | ||
| 020 | _c2120.75 | ||
| 024 | _a126256 | ||
| 037 |
_b264, 06/02/2015, Classic Book Service _cTextual |
||
| 040 |
_aSDCL _cSDCL _beng |
||
| 041 |
_2eng _aeng |
||
| 082 | _aXM8:8, Q2 | ||
| 100 |
_aRasheed Abdul A. Ed. _9464377 |
||
| 245 | 0 |
_aConvergence of corporate governance _b Promise and prospects |
|
| 260 |
_aHoundsmills _bPalgrave Macmillan _c2015 |
||
| 300 |
_axv;273p. _ccm. |
||
| 650 | _aBiophysics | ||
| 700 |
_a Yoshikawa Toru Ed. _9464378 |
||
| 942 |
_hXM8:8, Q2 _cTEXL _2CC |
||
| 999 |
_c777294 _d777294 |
||